000
00283nam a2200109Ia 4500
008
220204s9999 xx 000 0 und d
082
_a
664.38(038)
_b
KRA
100
_a
Kraus, Barbara
245
0
_a
Barbara Kraus dictionary of protein
260
_a
New York
_b
Harpers
_c
1975
942
_c
BK
999
_c
32083
_d
32083